000 00551nam a2200217Ia 4500
005 20260115172825.0
008 008 260114s9999 xx 000 0 eng d
020 _a9781847425942
037 _aEBOOK
040 _aCRL
_beng
_cCRL
041 _aeng
_2eng
084 _qCRL
100 _aHarding
_9879143
245 0 _aMaking It Work
260 _bBristol University Press
260 _bCambridge University Press
260 _c2022
856 _uhttps://doi.org/10.46692/9781847425942
942 _cEBOOK
999 _c1477748
_d1477748